La integración centroamericana y la institucionalidad regional /

Wedi'i Gadw mewn:
Manylion Llyfryddiaeth
Awduron Corfforaethol: CEPAL, Banco Interamericano de Desarrollo
Fformat: Texto
Cyhoeddwyd: Iztapalapa :
Pynciau:
Tagiau: Ychwanegu Tag
Dim Tagiau, Byddwch y cyntaf i dagio'r cofnod hwn!

MARC

LEADER 00000 a a2200000 04500
001 10497
003
040
090 |a 136500  
110 |a CEPAL  
245 |a La integración centroamericana y la institucionalidad regional /  |c CEPAL  
260 |a Iztapalapa :  
300 |a v, 283 p.  
300 |b **no definido**   |b fonodiscos  
650 |a INTEGRACION REGIONAL  
650 |a ORGANIZACIONES INTERGUBERNAMENTALES  
650 |a BID  
650 |a CEPAL  
650 |a EVALUACION  
650 |a ACUERDOS INTERNACIONALES  
650 |a ODECA  
650 |a ESTADO  
650 |a GOBIERNO  
710 |a Banco Interamericano de Desarrollo  
999 |c 13320  |d 13320